Inventár rukopisov Archívu literatúry a umenia Slovenskej národnej knižnice XXVII, Fondy 184 - 190

Bibliographic Details
Corporate Author: Slovenská národná knižnica. Archív literatúry a umenia (Author)
Other Authors: Kaššayová, Terézia, 1942- (Compiler)
Format: Book
Language:Slovak
PhysicalDescription:302 s. 20 cm
Published: V Martine Slovenská národná knižnica 2004
ISBN:8089023398 (brož.)
Edition:1. vyd.
Series:Dokumentácia. Fondy Archívu literatúry a umenia Slovenskej národnej knižnice
Subjects:

MARC

LEADER 00000nam a2200000 a 4500
001 vtls001494416
003 SK-MaSNL
005 20260426001944.0
008 171201s2004 xo f n 001 0dslo
015 |a SNBA2005/08-03138 
020 |a 8089023398 (brož.) 
040 |a SNK  |b slo  |c SNK  |e AACR2 
043 |a e-xo--- 
072 7 |a 09  |x Rukopisy, prvotlače, staré tlače. Vzácne a pozoruhodné diela  |2 konspekt 
080 |a 091(=162.4)  |2 MDT-MRF 
080 |a 091.5  |2 MDT-MRF 
080 |a 930.253  |2 MDT-MRF 
080 |a 801.82:930.253  |2 MDT-MRF 
080 |a 82-6  |2 MDT-MRF 
080 |a (083.8)  |2 MDT-MRF 
080 |a (437.64)  |2 MDT-MRF 
080 |a 929  |2 MDT-MRF 
110 2 |a Slovenská národná knižnica.  |b Archív literatúry a umenia  |4 aut  |9 168375 
245 1 0 |a Inventár rukopisov Archívu literatúry a umenia Slovenskej národnej knižnice  |c zostavila Terézia Kaššayová  |n XXVII,  |p Fondy 184 - 190 
250 |a 1. vyd. 
260 |a V Martine  |b Slovenská národná knižnica  |c 2004 
300 |a 302 s.  |c 20 cm 
490 1 |a Dokumentácia. Fondy Archívu literatúry a umenia Slovenskej národnej knižnice  |v no. 184 - 190 
500 |a Obsahuje register mien a inštitúcií 
610 2 7 |a Slovenská národná knižnica.  |b Archív literatúry a umenia  |2 SNKPH  |9 168375 
650 0 7 |a osobnosti  |2 SNKPH  |9 29820 
650 0 7 |a slovenské rukopisy  |2 SNKPH  |9 106055 
650 0 7 |a autografy  |2 SNKPH  |9 24418 
650 0 7 |a archívne fondy  |2 SNKPH  |9 1974 
650 0 7 |a písomná pozostalosť  |2 SNKPH  |9 74133 
650 0 7 |a korešpondencia  |2 SNKPH  |9 645 
651 7 |a Martin (Slovensko)  |2 SNKPH  |9 16875 
651 7 |a Slovensko  |2 SNKPHgeo  |9 14231 
655 7 |a súpisy  |2 SNKPH  |9 70480 
700 1 |a Kaššayová, Terézia,  |d 1942-  |4 com  |9 105309 
752 |a Slovensko  |d Martin 
830 0 |a Dokumentácia. Fondy Archívu literatúry a umenia Slovenskej národnej knižnice  |9 403216 
919 |a 80-89023-39-8 
968 |d 0 
999 |c 905039  |d 906969 
952 |a SNK  |b SNK  |y NEVYP  |7 1  |p 17A0451370  |o snkSD 41656/27 D3  |i snk2005/7610  |8 7  |0 0  |1 0  |4 0  |d 2005-05-04  |l 0  |r 2026-02-24 07:26:03  |w 2026-02-24 
952 |a SNK  |b SNK  |y NEVYP  |7 1  |p 17A0451371  |o snkSD 41656/27 D4  |i snk2005/7612  |8 7  |0 0  |1 0  |4 0  |d 2005-05-04  |l 0  |r 2026-02-24 07:26:03  |w 2026-02-24 
952 |a SNK  |b SNK  |y NEVYP  |7 1  |p 17A0451396  |o snkSD 41656/27 D5  |i snk2005/7613  |8 7  |0 0  |1 0  |4 0  |d 2005-05-04  |l 0  |r 2026-02-24 07:26:03  |w 2026-02-24 
952 |a SNK  |b SNK  |y NEVYP  |7 1  |p 17A0451397  |o snkSD 41656/27 D2  |i snk2005/7607  |8 7  |0 0  |1 0  |4 0  |d 2005-05-04  |l 0  |r 2026-02-24 07:26:03  |w 2026-02-24 
952 |a SNK  |b SNK  |y NEVYP  |7 1  |p 17A0451398  |o snkSD 41656/27 D6  |i snk2005/7608  |8 7  |0 0  |1 0  |4 0  |d 2005-05-04  |l 0  |r 2026-02-24 07:26:03  |w 2026-02-24 
952 |a SNK  |b SNK  |y NEVYP  |7 1  |p 17A0451399  |o snkSD 41656/27 D7  |i snk2005/7647  |8 7  |0 0  |1 0  |4 0  |d 2005-05-04  |l 0  |r 2026-02-24 07:26:03  |w 2026-02-24 
952 |a SNK  |b SNK  |y NEVYP  |7 1  |p 17A0451400  |o snkSD 41656/27 D8  |i snk2005/7650  |8 7  |0 0  |1 0  |4 0  |d 2005-05-04  |l 0  |r 2026-02-24 07:26:03  |w 2026-02-24 
952 |a SNK  |b SNK  |y NEVYP  |7 1  |p 17A0451401  |o snkSD 41656/27 D9  |i snk2005/7651  |8 7  |0 0  |1 0  |4 0  |d 2005-05-04  |l 0  |r 2026-02-24 07:26:04  |w 2026-02-24 
952 |a SNK  |b SNK  |y NEVYP  |7 1  |p 17A0451417  |o snkSD 41656/27 D10  |i snk2005/7652  |8 7  |0 0  |1 0  |4 0  |d 2005-05-04  |l 0  |r 2026-02-24 07:26:04  |w 2026-02-24 
952 |a SNK  |b SNK  |y NEVYP  |7 1  |p 17A0451416  |o snkSD 41656/27 D11  |i snk2005/7656  |8 7  |0 0  |1 0  |4 0  |d 2005-05-04  |l 0  |r 2026-02-24 07:26:04  |w 2026-02-24 
952 |a SNK  |b SNK  |y NEVYP  |7 1  |p 17A0451415  |o snkSD 41656/27 D12  |i snk2005/7658  |8 7  |0 0  |1 0  |4 0  |d 2005-05-04  |l 0  |r 2026-02-24 07:26:04  |w 2026-02-24 
952 |a SNK  |b SNK  |y NEVYP  |7 1  |p 17A0451414  |o snkSD 41656/27 D13  |i snk2005/7663  |8 7  |0 0  |1 0  |4 0  |d 2005-05-04  |l 0  |r 2026-02-24 07:26:04  |w 2026-02-24 
952 |a SNK  |b SNK  |y NEVYP  |7 1  |p 17A0451413  |o snkSD 41656/27 D14  |i snk2005/7664  |8 7  |0 0  |1 0  |4 0  |d 2005-05-04  |l 0  |r 2026-02-24 07:26:04  |w 2026-02-24 
952 |a SNK  |b SNK  |y NEVYP  |7 1  |p 17A0451403  |o snkSD 41656/27 D15  |i snk2005/7665  |8 7  |0 0  |1 0  |4 0  |d 2005-05-04  |l 0  |r 2026-02-24 07:26:04  |w 2026-02-24 
952 |a SNK  |b SNK  |y NEVYP  |7 1  |p 17A0451402  |o snkSD 41656/27 D16  |i snk2005/7666  |8 7  |0 0  |1 0  |4 0  |d 2005-05-04  |l 0  |r 2026-02-24 07:26:04  |w 2026-02-24 
952 |a SNK  |b SNK  |y NEVYP  |7 1  |p 17A0451404  |o snkSD 41656/27 D17  |i snk2005/7667  |8 7  |0 0  |1 0  |4 0  |d 2005-05-04  |l 0  |r 2026-02-24 07:26:04  |w 2026-02-24 
952 |a SNK  |b SNK  |y NEVYP  |7 1  |p 17A0451410  |o snkSD 41656/27 D20  |i snk2005/7670  |8 7  |0 0  |1 0  |4 0  |d 2005-05-04  |l 0  |r 2026-02-24 07:26:04  |w 2026-02-24 
952 |a SNK  |b SNK  |y NEVYP  |7 1  |p 17A0451407  |o snkSD 41656/27 D21  |i snk2005/7671  |8 7  |0 0  |1 0  |4 0  |d 2005-05-04  |l 0  |r 2026-02-24 07:26:04  |w 2026-02-24 
952 |a SNK  |b SNK  |y NEVYP  |7 1  |p 17A0451408  |o snkSD 41656/27 D22  |i snk2005/7672  |8 7  |0 0  |1 0  |4 0  |d 2005-05-04  |l 0  |r 2026-02-24 07:26:04  |w 2026-02-24 
952 |a SNK  |b SNK  |y NEVYP  |7 1  |p 17A0451406  |o snkSD 41656/27 D23  |i snk2005/7673  |8 7  |0 0  |1 0  |4 0  |d 2005-05-04  |l 0  |r 2026-02-24 07:26:04  |w 2026-02-24 
952 |a SNK  |b SNK  |y NEVYP  |7 1  |p 17A0451411  |o snkSD 41656/27 D24  |i snk2005/7674  |8 7  |0 0  |1 0  |4 0  |d 2005-05-04  |l 0  |r 2026-02-24 07:26:04  |w 2026-02-24 
952 |a SNK  |b SNK  |y NEVYP  |7 1  |p 17A0451395  |o snkSD 41656/27 D25  |i snk2005/7675  |8 7  |0 0  |1 0  |4 0  |d 2005-05-04  |l 0  |r 2026-02-24 07:26:04  |w 2026-02-24 
952 |a SNK  |b SNK  |y NEVYP  |7 1  |p 17A0451405  |o snkSD 41656/27 D26  |i snk2005/7676  |8 7  |0 0  |1 0  |4 0  |d 2005-05-04  |l 0  |r 2026-02-24 07:26:04  |w 2026-02-24 
952 |a SNK  |b SNK  |y NEVYP  |7 1  |p 17A0451412  |o snkSD 41656/27 D18  |i snk2005/7668  |8 7  |0 0  |1 0  |4 0  |d 2005-05-04  |l 0  |r 2026-02-24 07:26:04  |w 2026-02-24 
952 |a SNK  |b SNK  |y NEVYP  |7 1  |p 17A0451409  |o snkSD 41656/27 D19  |i snk2005/7669  |8 7  |0 0  |1 0  |4 0  |d 2005-05-04  |l 0  |r 2026-02-24 07:26:04  |w 2026-02-24 
952 |a SNK  |b SNK  |y VYP  |7 0  |p 17A0458182  |o snkSD 41656/27 D1  |i snk2005/2434  |8 0  |0 0  |1 0  |4 0  |d 2005-02-17  |l 0  |r 2026-02-24 07:26:04  |w 2026-02-24 
952 |a SNK  |b SNK  |y PREZ  |7 0  |p 17A0458181  |o snkSD 41656/27  |i snk2005/2433  |8 0  |0 0  |1 0  |4 0  |d 2005-02-17  |l 0  |r 2026-02-24 07:26:04  |w 2026-02-24